000 00755nam a2200241Ia 4500
001 941
003 GE_BSU
008 181216s||||||||xx |||||||||||||| ||und||
020 _a9785769534812
040 _cGE_BSU
080 _a547(075.8)
100 _aИванов,В.Г.; Гева,О.Ч;Гаверова,Ю,Г;
245 _aСборник Задач и упражнений по органической химии.
245 _bУчеб. пособ.для студ. вузов.по спец.,,Биология
260 _aМосква
260 _bЦентр ,,Академия".
260 _c2007
300 _a320 с.
541 _h80 л.
653 _aХимия
653 _aორგანული ქიმია
942 _cBK
999 _c35100
_d35100